Cristología: ensayo dogmático sobre Jesús de Nazaret, el Mesías
Kaydedildi:
| Yazar: | |
|---|---|
| Materyal Türü: | Kitap |
| Dil: | İspanyolca |
| Baskı/Yayın Bilgisi: |
Salamanca
Sígueme
1974
|
| Edisyon: | 2a. ed |
| Seri Bilgileri: | Lux Mundi, 34
|
| Konular: | |
| Etiketler: |
Etiketle
Etiket eklenmemiş, İlk siz ekleyin!
|
MARC
| LEADER | 00000nam a2200000 a 4500 | ||
|---|---|---|---|
| 001 | UCL1750 | ||
| 003 | CL-VaPUC | ||
| 008 | 030926e19740000SP |||||||||||||||||spa|d | ||
| 020 | |a 8430105662 | ||
| 082 | 0 | 4 | |a 232 |b DUQ |2 21 |
| 100 | 0 | |a Duquoc, Christian |e author |9 478578 | |
| 245 | 1 | 0 | |a Cristología: ensayo dogmático sobre Jesús de Nazaret, el Mesías |
| 250 | |a 2a. ed | ||
| 300 | |a 594 p | ||
| 942 | |c BK | ||
| 945 | |d 20030926 00:00:00 |a vberengu | ||
| 260 | |a Salamanca |b Sígueme |c 1974 | ||
| 600 | 0 | |a Jesús |9 313614 | |
| 650 | 0 | |a Cristología |9 315091 | |
| 583 | |a last modification |c 20030926 00:00:00 |k Rodrigo Vera | ||
| 490 | 0 | |a Lux Mundi, 34 | |
| 999 | |c 305191 |d 305189 | ||
| 952 | |0 0 |1 0 |4 0 |6 232_000000000000000_DUQ_1974 |7 0 |8 A |9 368291 |a BIBTEO |b BIBTEO |d 2019-11-21 |i 207799K |o 232 DUQ 1974 |p 207799K |r 2025-01-17 |w 2019-11-21 |y BK |k ICR | ||